Most Powerful Star Wars Characters - Statistics

General Stats
  • This quiz has been taken 54 times
  • The average score is 10 of 25
Answer Stats
Hint Answer % Correct
Cyborg enforcer of the Galactic Empire; ruthless, masked Sith Lord Darth Vader
100%
Rebuilt the Jedi Order after the Galactic Republic fell Luke Skywalker
93%
One of the greatest Jedi duelists to ever live; iconic lightsaber color who invented a new form Mace Windu
81%
The defensive master of the Jedi Order during the Galactic Republic; trained the Chosen One Obi-Wan Kenobi
79%
Toppled the Jedi Order in secret and turned the Chosen One to the Dark Side Darth Sidious
67%
Jedi Knight; the Chosen One Anakin Skywalker
64%
A master of lightsaber combat; never fully gave into the Dark Side Count Dooku
62%
Most iconic for creating the Rule of Two Darth Bane
60%
Old Republic Sith; arguably the most physically imposing Sith ever; Sacked the Jedi Temple Darth Malgus
43%
Master of arguably the most powerful Sith ever Darth Plagueis
43%
Perhaps the most iconic Old Republic Sith; known for going between Light and Dark several times Darth Revan
43%
Sith Triumvirate; Lord of Hunger Darth Nihilus
40%
Old Republic Sith Lord who fell from the Jedi Order; known for creating the double-bladed lightsaber Exar Kun
26%
Fan favorite Jedi Master who is capable of performing Electric Judgement Plo Koon
26%
Old Republic Sith; Ruthless battle tactics; Mechanical jaw Darth Malak
24%
Old Republic Jedi; known for perfecting Battle Meditation Bastila Shan
21%
Sith Triumvirate; Lord of Betrayal Darth Traya
21%
Descendent of Satele Shan; known for challenging Darth Malgus in combat successfully Satele Shan
21%
Sith Triumvirate; Lord of Pain Darth Sion
19%
Masterful Sith alchemist who trained Freedon Nadd Naga Sadow
19%
Most powerful Sith Lord of the Old Republic Darth Vitiate
17%
Ancient Sith Lord known for his Dark Side sorcery and iconic scepter; died peacefully in his sleep Marka Ragnos
17%
Old Republic Sith Lord who trained under Naga Sadow before killing him to rule over Onderon for 100 years Freedon Nadd
14%
The wisest Jedi to ever live Grandmaster Yoda
7%
The most powerful female Jedi to ever live; ended the war against Exar Kun and severed Ulic Qel-Droma from the Force Nomi Sunrider
7%
No matching quizzes found
Score Distribution
Percent of People with Each Score
Percentile by Number Answered
Your Score History
You have not taken this quiz